000 00715nam a22002537a 4500
003 UA-OsUOA
001 46994
007 ta
008 20070709b un ||||| |||| 00| 0 ukr d
100 _aДудяк Р.п.
700 _aБугіль С.Я.
090 _a336.76(075.8)
_bД81
942 _cBK
040 _aUA-OsUOA
_bukr
_cUA-OsUOA
_dUA-OsUOA
245 _aОрганізація біржової діяльності
_bНавчальний посібник
300 _a360 с.
955 _a2
041 _aukr
080 _a336.76(075.8)
260 _aЛьвів
_bМагнолія плюс
_c2003
250 _n2-ге вид.,доповн.
650 7 _a336 Фінанси
_2UDC
999 _c333098
_d333098